000 00367nam a2200145Ia 4500
008 151213s9999 xx 000 0 und d
100 _aLawrence
245 _aSons & Lovers Notes
_cLawrence
260 _aU S A
_bC.K. Hillegass
_c1965
300 _a4881 p.
650 _aEnglish Literature
650 _aEnglish Literature
700 _aLawrence
999 _c3068
_d3068